Medios de comunicación social y medio ambiente / (Registro nro. 188948)

Detalles MARC
000 -LEADER
campo de control de longitud fija 01159nam a2200229 i 4500
001 - NÚMERO DE CONTROL
campo de control 188948
003 - IDENTIFICADOR DE NÚMERO DE CONTROL
campo de control ES-MaACL
005 - FECHA Y HORA DE LA ÚLTIMA TRANSACCIÓN
campo de control 20251220174424.0
008 - DATOS DE LONGITUD FIJA--INFORMACIÓN GENERAL
campo de control de longitud fija 190305s1981 sp |||| | spa d
100 1# - ENTRADA PRINCIPAL--NOMBRE DE PERSONA
Nombre de persona Subirá Bados, Ramiro.
9 (RLIN) 166527
245 10 - MENCIÓN DEL TÍTULO
Título Medios de comunicación social y medio ambiente /
Mención de responsabilidad, etc. Ramiro Subirá Bados.
260 ## - PUBLICACIÓN, DISTRIBUCIÓN, ETC.
Lugar de publicación, distribución, etc. [Madrid :
Nombre del editor, distribuidor, etc. CIFCA,
Fecha de publicación, distribución, etc. 1981?]
300 ## - DESCRIPCIÓN FÍSICA
Extensión 18, [2] p. ;
Dimensiones 30 cm.
490 1# - MENCIÓN DE SERIE
Mención de serie Opiniones. Sectores específicos. Comunicación social ;
Designación de volumen o secuencia 1
500 ## - NOTA GENERAL
Nota general El presente texto sirvió de base para una exposición del autor en el Seminario sobre Medios de Comunicación Social y Medio Ambiente, celebrado en San José de Costa Rica del 30 de noviembre al 4 de diciembre de 1981.
650 #4 - PUNTO DE ACCESO ADICIONAL DE MATERIA--TÉRMINO DE MATERIA
Término de materia o nombre geográfico como elemento de entrada Medio ambiente-
Subdivisión general En los medios de comunicación social.
9 (RLIN) 166528
710 2# - ENTRADA AGREGADA--NOMBRE DE ENTIDAD CORPORATIVA
Nombre de entidad corporativa o nombre de jurisdicción como elemento de entrada Centro Internacional de Formación en Ciencias Ambientales (Madrid)
9 (RLIN) 166480
711 2# - ENTRADA AGREGADA--NOMBRE DE REUNIÓN
Nombre de congreso/reunión o jurisdicción como elemento de entrada Seminario sobre Medios de Comunicación Social y Medio Ambiente
Fecha del congreso o de la firma del tratado (1981.
Sede del congreso/Lugar de la reunión San José de Costa Rica)
9 (RLIN) 166529
830 0# - PUNTO DE ACCESO ADICIONAL DE SERIE-TÍTULO UNIFORME
Título uniforme Opiniones. Sectores específicos. Comunicación social ;
Designación de volumen o secuencia 1
9 (RLIN) 225749
852 ## - LOCALIZACIÓN
Ubicación ES-MaACL
Número de control de estantería P-469-1
Existencias
Estatus retirado Estado de pérdida Estado de daño No para préstamo Biblioteca de origen Biblioteca actual Ubicación en estantería Fecha de adquisición Fuente de adquisición Total de préstamos Signatura topográfica completa Código de barras Visto por última vez Precio de reemplazo Tipo de ítem Koha
        Biblioteca del Ateneo de Madrid Biblioteca del Ateneo de Madrid Depósito 2 05/03/2019     P-469-1 1200097 23/02/2023 23/02/2023 Libro impreso